| 000 | 00783nam a2200241 a 4500 | ||
|---|---|---|---|
| 001 | BRCA_5379 | ||
| 005 | 20190320205043.0 | ||
| 008 | 091210s1999----uk-a#####c---#000-0#eng-# | ||
| 020 | _a1840000856 | ||
| 041 | _aeng | ||
| 044 | _aenk | ||
| 050 | 4 |
_aNK1065 _b.M55 1999 |
|
| 245 | 1 | 0 |
_aMiller´s antiques price guide _cconsultant Judith Miller ; general edition Elizabeth Norfolk. |
| 260 |
_aGran Bretaña _bMillers _c1999 |
||
| 300 |
_a808 p. (v.xx) _bil. (algunas a color) _c28 cm. |
||
| 500 | _aIncluye índice de anuncios e índice alfabético | ||
| 500 | _aDonación Dr. Héctor Rivero Borrell Vázquez | ||
| 650 | 1 | 4 |
_aAntigüedades _vCatálogos _913758 |
| 700 | 1 |
_aMiller, Judith _913759 |
|
| 700 | 1 |
_aNorfolk, Elizabeth _eEditora _913760 |
|
| 902 | _aDHR | ||
| 942 |
_2lcc _cB |
||
| 999 |
_c5073 _d5073 |
||